LEADER 00413oas 2200157z- 450 001 996204088003316 035 $a(CKB)1000000000215366 035 $a(EXLCZ)991000000000215366 100 $a20180702cuuuuuuuu -u- - 101 0 $afre 200 00$aEmployee Benefit News Canada 210 $cSourceMedia 906 $aNEWSPAPER 912 $a996204088003316 996 $aEmployee Benefit News Canada$92313463 997 $aUNISA